<?xml version="1.0" encoding="UTF-8"?>
<record
    xmlns:xsi="http://www.w3.org/2001/XMLSchema-instance"
    xsi:schemaLocation="http://www.loc.gov/MARC21/slim http://www.loc.gov/standards/marcxml/schema/MARC21slim.xsd"
    xmlns="http://www.loc.gov/MARC21/slim">

  <leader>02383nam a22003617a 4500</leader>
  <controlfield tag="005">20090119120216.0</controlfield>
  <controlfield tag="008">090119t        xxu||||| |||| 00| 1 eng d</controlfield>
  <datafield tag="010" ind1=" " ind2=" ">
    <subfield code="a">B-357773</subfield>
  </datafield>
  <datafield tag="020" ind1=" " ind2=" ">
    <subfield code="a">9788123750927</subfield>
    <subfield code="c">19.00</subfield>
  </datafield>
  <datafield tag="035" ind1=" " ind2=" ">
    <subfield code="a">B-357773</subfield>
  </datafield>
  <datafield tag="035" ind1=" " ind2=" ">
    <subfield code="a">B-345446-425</subfield>
  </datafield>
  <datafield tag="037" ind1=" " ind2=" ">
    <subfield code="b">Tarun Books (vendor)</subfield>
  </datafield>
  <datafield tag="040" ind1=" " ind2=" ">
    <subfield code="a">dpl</subfield>
    <subfield code="b">English</subfield>
  </datafield>
  <datafield tag="082" ind1=" " ind2=" ">
    <subfield code="a">S</subfield>
  </datafield>
  <datafield tag="100" ind1=" " ind2=" ">
    <subfield code="a">Joshi, Jagdish</subfield>
  </datafield>
  <datafield tag="245" ind1=" " ind2=" ">
    <subfield code="a">Fu-Ku:</subfield>
    <subfield code="b">an alien /</subfield>
    <subfield code="c">by Jagdish Joshi; translated by Kaveri Joshi</subfield>
  </datafield>
  <datafield tag="260" ind1=" " ind2=" ">
    <subfield code="a">New Delhi</subfield>
    <subfield code="b">National Book Trust</subfield>
    <subfield code="c">2007</subfield>
  </datafield>
  <datafield tag="270" ind1=" " ind2=" ">
    <subfield code="a">A-5 Green Park</subfield>
    <subfield code="b">New Delhi</subfield>
    <subfield code="e">110016</subfield>
  </datafield>
  <datafield tag="300" ind1=" " ind2=" ">
    <subfield code="a">Unpaged :</subfield>
    <subfield code="b">col. photos</subfield>
    <subfield code="c">24.5cm(pbk)</subfield>
  </datafield>
  <datafield tag="700" ind1=" " ind2=" ">
    <subfield code="a">Joshi, Kaveri</subfield>
  </datafield>
  <datafield tag="710" ind1=" " ind2=" ">
    <subfield code="a">Joshi, Kaveri</subfield>
  </datafield>
  <datafield tag="942" ind1=" " ind2=" ">
    <subfield code="2">ddc</subfield>
    <subfield code="c">CH</subfield>
    <subfield code="h">S</subfield>
    <subfield code="m">JOS</subfield>
  </datafield>
  <datafield tag="999" ind1=" " ind2=" ">
    <subfield code="c">21200</subfield>
    <subfield code="d">21200</subfield>
  </datafield>
  <datafield tag="952" ind1=" " ind2=" ">
    <subfield code="0">1</subfield>
    <subfield code="1">0</subfield>
    <subfield code="2">ddc</subfield>
    <subfield code="4">0</subfield>
    <subfield code="7">0</subfield>
    <subfield code="8">FIC</subfield>
    <subfield code="a">JP</subfield>
    <subfield code="b">JP</subfield>
    <subfield code="d">2009-09-16</subfield>
    <subfield code="e">Tarun Books/4121/9.9.09/89/2.9.09/11.9.09</subfield>
    <subfield code="g">19.00</subfield>
    <subfield code="l">3</subfield>
    <subfield code="o">S JOS</subfield>
    <subfield code="p">B-357773</subfield>
    <subfield code="r">2010-06-02 00:00:00</subfield>
    <subfield code="s">2010-04-29</subfield>
    <subfield code="t">1</subfield>
    <subfield code="v">19.00</subfield>
    <subfield code="w">2009-09-16</subfield>
    <subfield code="y">EN</subfield>
  </datafield>
  <datafield tag="952" ind1=" " ind2=" ">
    <subfield code="0">0</subfield>
    <subfield code="1">0</subfield>
    <subfield code="2">ddc</subfield>
    <subfield code="4">0</subfield>
    <subfield code="7">0</subfield>
    <subfield code="8">FIC</subfield>
    <subfield code="a">L</subfield>
    <subfield code="b">L</subfield>
    <subfield code="d">2009-09-29</subfield>
    <subfield code="e">Tarun Books/3947/21.5.09/13/23.4.09/4.7.09</subfield>
    <subfield code="g">19.00</subfield>
    <subfield code="l">0</subfield>
    <subfield code="o">S JOS</subfield>
    <subfield code="p">B-345446</subfield>
    <subfield code="r">2009-09-29 00:00:00</subfield>
    <subfield code="t">1</subfield>
    <subfield code="v">19.00</subfield>
    <subfield code="w">2009-09-29</subfield>
    <subfield code="y">CH</subfield>
  </datafield>
  <datafield tag="952" ind1=" " ind2=" ">
    <subfield code="0">0</subfield>
    <subfield code="1">5</subfield>
    <subfield code="2">ddc</subfield>
    <subfield code="4">0</subfield>
    <subfield code="7">0</subfield>
    <subfield code="8">FIC</subfield>
    <subfield code="a">BL1</subfield>
    <subfield code="b">BL1</subfield>
    <subfield code="d">2009-09-29</subfield>
    <subfield code="e">Tarun Books/3947/21.5.09/13/23.4.09/4.7.09</subfield>
    <subfield code="g">19.00</subfield>
    <subfield code="l">0</subfield>
    <subfield code="o">S JOS</subfield>
    <subfield code="p">B-345447</subfield>
    <subfield code="r">2009-09-29 00:00:00</subfield>
    <subfield code="t">1</subfield>
    <subfield code="v">19.00</subfield>
    <subfield code="y">CH</subfield>
  </datafield>
  <datafield tag="952" ind1=" " ind2=" ">
    <subfield code="0">0</subfield>
    <subfield code="1">0</subfield>
    <subfield code="2">ddc</subfield>
    <subfield code="4">0</subfield>
    <subfield code="7">0</subfield>
    <subfield code="8">FIC</subfield>
    <subfield code="a">ZLS</subfield>
    <subfield code="b">ZLS</subfield>
    <subfield code="d">2009-09-29</subfield>
    <subfield code="e">Tarun Books/3947/21.5.09/13/23.4.09/4.7.09</subfield>
    <subfield code="g">19.00</subfield>
    <subfield code="l">0</subfield>
    <subfield code="o">S JOS</subfield>
    <subfield code="p">B-345448</subfield>
    <subfield code="r">2009-09-29 00:00:00</subfield>
    <subfield code="t">1</subfield>
    <subfield code="v">19.00</subfield>
    <subfield code="w">2009-09-29</subfield>
    <subfield code="y">CH</subfield>
  </datafield>
  <datafield tag="952" ind1=" " ind2=" ">
    <subfield code="0">0</subfield>
    <subfield code="1">0</subfield>
    <subfield code="2">ddc</subfield>
    <subfield code="4">0</subfield>
    <subfield code="7">0</subfield>
    <subfield code="8">FIC</subfield>
    <subfield code="a">ZLS</subfield>
    <subfield code="b">ZLS</subfield>
    <subfield code="d">2009-09-29</subfield>
    <subfield code="e">Tarun Books/3947/21.5.09/13/23.4.09/4.7.09</subfield>
    <subfield code="g">19.00</subfield>
    <subfield code="l">1</subfield>
    <subfield code="o">S JOS</subfield>
    <subfield code="p">B-345449</subfield>
    <subfield code="r">2025-09-08 00:00:00</subfield>
    <subfield code="s">2025-08-23</subfield>
    <subfield code="t">1</subfield>
    <subfield code="v">19.00</subfield>
    <subfield code="w">2009-09-29</subfield>
    <subfield code="y">CH</subfield>
  </datafield>
  <datafield tag="952" ind1=" " ind2=" ">
    <subfield code="0">0</subfield>
    <subfield code="1">0</subfield>
    <subfield code="2">ddc</subfield>
    <subfield code="4">0</subfield>
    <subfield code="7">0</subfield>
    <subfield code="8">FIC</subfield>
    <subfield code="a">VP</subfield>
    <subfield code="b">VP</subfield>
    <subfield code="d">2009-09-29</subfield>
    <subfield code="e">Tarun Books/3947/21.5.09/13/23.4.09/4.7.09</subfield>
    <subfield code="g">19.00</subfield>
    <subfield code="l">3</subfield>
    <subfield code="o">S JOS</subfield>
    <subfield code="p">B-345450</subfield>
    <subfield code="r">2013-08-30 00:00:00</subfield>
    <subfield code="s">2013-07-13</subfield>
    <subfield code="t">1</subfield>
    <subfield code="v">19.00</subfield>
    <subfield code="w">2009-09-29</subfield>
    <subfield code="y">CH</subfield>
  </datafield>
  <datafield tag="952" ind1=" " ind2=" ">
    <subfield code="0">0</subfield>
    <subfield code="1">0</subfield>
    <subfield code="2">ddc</subfield>
    <subfield code="4">0</subfield>
    <subfield code="7">0</subfield>
    <subfield code="8">FIC</subfield>
    <subfield code="a">BL3</subfield>
    <subfield code="b">BL3</subfield>
    <subfield code="d">2009-09-29</subfield>
    <subfield code="e">Tarun Books/3947/21.5.09/13/23.4.09/4.7.09</subfield>
    <subfield code="g">19.00</subfield>
    <subfield code="l">0</subfield>
    <subfield code="o">S JOS</subfield>
    <subfield code="p">B-345451</subfield>
    <subfield code="r">2009-09-29 00:00:00</subfield>
    <subfield code="t">1</subfield>
    <subfield code="v">19.00</subfield>
    <subfield code="w">2009-09-29</subfield>
    <subfield code="y">CH</subfield>
  </datafield>
  <datafield tag="952" ind1=" " ind2=" ">
    <subfield code="0">0</subfield>
    <subfield code="1">5</subfield>
    <subfield code="2">ddc</subfield>
    <subfield code="4">0</subfield>
    <subfield code="7">0</subfield>
    <subfield code="8">FIC</subfield>
    <subfield code="a">BL4</subfield>
    <subfield code="b">BL4</subfield>
    <subfield code="d">2009-09-29</subfield>
    <subfield code="e">Tarun Books/3947/21.5.09/13/23.4.09/4.7.09</subfield>
    <subfield code="g">19.00</subfield>
    <subfield code="l">0</subfield>
    <subfield code="o">S JOS</subfield>
    <subfield code="p">B-345452</subfield>
    <subfield code="r">2009-09-29 00:00:00</subfield>
    <subfield code="t">1</subfield>
    <subfield code="v">19.00</subfield>
    <subfield code="y">CH</subfield>
  </datafield>
</record>
